| 000 | 00465nam a2200169Ia 4500 | ||
|---|---|---|---|
| 008 | 181130s2018 xx 000 0 und d | ||
| 100 | _aNolan, Laura B. | ||
| 245 | _aLegal status and deprivation in urban slums over two decades | ||
| 260 | _c2018 | ||
| 300 | _ap.47-55. | ||
| 504 | _d14-Apr | ||
| 650 | _aSlums | ||
| 650 | _aSlums - India | ||
| 700 | _aBloom, David E. and Subbaraman, Ramnath | ||
| 773 | _aEconomic and Political Weekly | ||
| 906 | _aSlums | ||
| 999 |
_c506178 _d506178 |
||